LEADER 00966nam a2200193 i 4500 001 000000041593 003 CaOOAMICUS 005 20120618000000.0 008 120618s1740 xx u000 u fre u 013 $a12763 026 $as,s- ecn, isi, dini (3) 1740 (R) 040 $aSeMil$bita 245 10$aTome 1. 300 $aX, 364, [1] p. 500 $aSegn. : *6 (-*6) A-Z8 (Z8 bianca). 773 0 $aLocke, John <1632-1704>$tChristianisme raisonnable, tel qu'il nous est représenté dans l'Ecriture Sainte. Traduit de l'anglois de M. Locke ... On a joint à cette edition la Religion des dames. Tome 1. [-2.].$bQuatrième ed., revue, corrigée, & augmentée d'une Dissertation où l'on établit le vrai & l'unique moyen de réunir tous les chrétiens ...$dA Amsterdam : Chez Zacharie Chatelain, 1740.$g1$w()18066 850 $aSeMil 852 $aSeMil$W1$xVenegono$y1$m2A I 56 FA$j7748$B7748$CSeMilBibl$Z2$F7748 $8I 996 $6245$aTome 1$9(OLS)http://semarc/title/1447 LEADER 00771nam a2200193 i 4500 001 000000053867 003 CaOOAMICUS 005 20220308180536.0 008 071105s1938 it u000 u ita u 013 $a25039 040 $aSeMil$bita 245 10$aScritti storici e letterari ; Lettere familiari. 300 $a979 p., 12 p. di tav. 700 1 $aMachiavelli, Niccolò ,$d<1469-1527>.$0(OLS)http://semarc/name/1234 773 0 $aMachiavelli, Niccolò <1469-1527>$tOpere.$dMilano ; Roma : Rizzoli & C., 1938-1939.$kClassici Rizzoli$g1$w()1369 850 $aSeMil 852 $aSeMil$W1$xVenegono$y1$m1E I 147/1$j20021$B20021$CSeMilBibl$Z2$F20023 $81 996 $6245$aScritti storici e letterari ; Lettere familiari$9(OLS)http://semarc/title/83138